000 00646nam a2200229Ia 4500
003 0100
005 20160407121926.0
008 130303s9999 xx 000 0 und d
040 _cARRUPELIB
050 _aBX1682.K4B6713
100 _aBottignole, Silvana
_923627
245 _aKikuyu traditional culture and christianity
_cSilvana Bottignole
245 _bSelf examination of an African church
260 _aNairobi
260 _bHeinemann Educational Books
260 _c1984
300 _a235p.
300 _b 21cm
650 _bChristianity
_zAfrica
_923628
650 _bKikuyu (African people)
_913107
942 _2lcc
_cMONOGRAPH
999 _c23978
_d23978